000 00993nam a2200241 a 4500
001 49216
003 BD-RjUL
005 20211209054642.0
008 160818s1993 ii ||||| |||| 00| p ben d
020 _c: Tk. 60.00
035 _a(BD-RjUL)49335
040 _aBD-RjUL
_bben
_cBD-RjUL
_dBD-RjUL
041 _aben
082 _223
_a891.44409
_bDAB 1993
100 1 _aদাশগুপ্ত, শশিভূষণ
_9146377
245 1 0 _a বাঙলা সাহিত্যের একদিক :
_bরচনা-সাহিত্য /
_cশশিভূষণ দাশগুপ্ত
250 _a৬ষ্ঠ সং.
260 _aকলিকাতা :
_bওরিয়েন্ট বুক কোম্পানি,
_c১৯৯৩
300 _a২০৬ পৃ. ;
_c২১ সেমি.
650 _aবাংলা প্রবন্ধ
_vইতিহাস ও সমালোচনা
_9117724
650 _aBengali Essays
_vHistory and Criticism
_9117725
942 _2ddc
_cBK
999 _c49216
_d49216